000 00873nac a22002657a 4500
001 BR9001699
003 BR-BrBNA
005 20240105121108.0
008 230509b bl.|||m| |||| 00| 0 por d
040 _aBR-BrBNA
_bpor
_cBiblioteca Nacional de Agricultura
072 _aE14; E10; E50
090 _aE14 BR9001699
110 1 _aUniversidade Federal do Para, Belem (Brasil). Nucleo de Altos Estudos Amazonicos
_911076
245 1 _aOs grandes projetos da Amazonia: impactos e perspectivas
260 3 _aBelem, PA (Brasil):
_c1987.
300 _a168 p.
490 _aCadernos NAEA (Brazil)
_vNo. 9
_x
650 _aPROJETO DE DESENVOLVIMENTO
650 _aDESENVOLVIMENTO ECONOMICO
650 _aDESENVOLVIMENTO SOCIAL
650 _aPOLITICA DE DESENVOLVIMENTO
650 _aAMAZONIA
909 _a202312
_bLúcia Elande
_c55
_dLúcia Elande
942 _2AGRIS
_n0
_cMS
999 _c283269
_d283269